Obchod medzi Ruskom a štátmi Európskej únie do roku 2021 diplomová práca

Na minha lista:
Detalhes bibliográficos
Autor principal: Stašák, Vladimír
Autor Corporativo: Fakulta medzinárodných vzťahov EU. Katedra medzinárodných ekonomických vzťahov a hospodárskej diplomacie
Outros Autores: Zagoršeková, Natália, 1991-
Formato: Livro
Idioma:eslovaco
Publicado em: Bratislava 2024
Tags: Adicionar Tag
Sem tags, seja o primeiro a adicionar uma tag!

MARC

LEADER 00000nbm a2200000 4500
001 0300887
005 20250910102336.9
041 0 |a slo 
044 |a SK 
245 1 0 |a Obchod medzi Ruskom a štátmi Európskej únie do roku 2021  |b diplomová práca  |c Vladimír Stašák ; školiteľ: Natália Zagoršeková 
264 1 |a Bratislava  |c 2024 
300 |a 74 s. 
100 1 |a Stašák, Vladimír 
700 1 |a Zagoršeková, Natália, 1991- 
710 2 |a Fakulta medzinárodných vzťahov EU. Katedra medzinárodných ekonomických vzťahov a hospodárskej diplomacie